|
|
|
|
| LEADER |
01148cam a2200289 7i4500 |
| 001 |
0000071503 |
| 005 |
20220929090000.0 |
| 020 |
|
|
|a 9781119651826 (electronic book)
|
| 090 |
0 |
0 |
|a LB3013
|b .S67 2021
|
| 100 |
1 |
|
|a Sprick, Randall S.
|
| 245 |
1 |
0 |
|a Discipline in the secondary classroom :
|b encouraging responsible behavior and enhancing motivation
|c Randall Sprick, Jessica Sprick, Cristy Coughlin, Jacob Edwards..
|
| 250 |
|
|
|a Fourth edition.
|
| 264 |
|
|
|a San Francisco:
|b Jossey-Bass,
|c 2021.
|
| 300 |
|
|
|a 1 online resource (xxix, 523 pages):
|b illustrations, text file, PDF.
|
| 336 |
|
|
|a text
|2 rdacontent
|
| 337 |
|
|
|a computer
|2 rdamedia
|
| 338 |
|
|
|a online resource
|2 rdacarrier
|
| 650 |
|
0 |
|a High school students --
|x Discipline
|
| 650 |
|
0 |
|a Classroom management
|
| 655 |
|
0 |
|a Electronic books
|
| 700 |
1 |
|
|a Sprick, Jessica
|
| 700 |
1 |
|
|a Coughlin, Cristy
|
| 700 |
1 |
|
|a Edwards, Jacob
|
| 856 |
4 |
2 |
|u http://library.unisel.edu.my/web/guest/mylibrary
|
| 997 |
|
|
|a Education & Social Sciences, Faculty
|b Education, Department
|
| 998 |
|
|
|a Education & Language Studies, Diploma
|
| 999 |
|
|
|a EBO0014421
|b EBOOK
|c EBOOK
|e Electronic resources
|